000 01157nas a2200385 4500
001 BR2013001401
003 BR-BrBNA
005 20231205121950.0
007 ta
008 230509b bl.|||p| |||| 00| 00por d
040 _aBR-BrBNA
_bpor
_cBiblioteca Nacional de Agricultura
041 _a(Pt)
072 _aL02; L01
100 1 _aGomide, A.P.C.
100 1 _aBrustolini, P.C.
100 1 _aFerreira, A.S.
100 1 _aPaulino, P.V.R.
100 1 _aScottá, B.A.
100 1 _aRodrigues, V.V.
100 1 _aCâmara, L.R.A.
100 1 _aMoita, A.M.S.
100 1 _aOliveira Júnior, G.M.
100 1 _aFerreira, R.C.
100 1 _aFormigoni, A.S.
245 1 _aSubstituição de milho por glicerina bruta em dietas para suínos em terminação
650 _aSUÍNO
650 _aTERMINAÇÃO
650 _aALIMENTO ALTERNATIVO
650 _aENERGIA
650 _aNUTRIÇÃO ANIMAL
650 _aPROTEÍNA
773 0 _tArquivo Brasileiro de Medicina Veterinária e Zootecnia (Brazil)
_xISSN 0102-0935
_g(Oct 2012), v. 64(5) p. 1309-1316
_wBR2013001401
909 _a202311
_bLúcia
_c55
_dLúcia Elande
942 _2AGRIS
_n0
_cANA
999 _c226182
_d226182